Posicionamiento en el departamento Oruro para mejorar la imagen institucional de la fundación para el desarrollo tecnológico agropecuario del altiplano (Registro nro. 10997)
[ vista simple ]
| 000 -LEADER | |
|---|---|
| campo de control de longitud fija | 02294nam a2200253Ia 4500 |
| 008 - DATOS DE LONGITUD FIJA--INFORMACIÓN GENERAL | |
| campo de control de longitud fija | 220107t2006||||xx |||||||||||||| ||und|| |
| 040 ## - FUENTE DE CATALOGACIÓN | |
| Centro catalogador/agencia de origen | BoOrUTOFe |
| Lengua de catalogación | Es |
| Centro/agencia transcriptor | UTO |
| 044 ## - CÓDIGO DEL PAÍS DE LA ENTIDAD EDITORA/PRODUCTORA | |
| Código MARC del país | BO |
| 082 ## - NÚMERO DE LA CLASIFICACIÓN DECIMAL DEWEY | |
| Número de clasificación | ECO TE1419 |
| Número de ítem | A572 |
| 100 ## - ENTRADA PRINCIPAL--NOMBRE DE PERSONA | |
| Nombre de persona | Andrade Ocsa, Carola Isabel |
| 245 #0 - MENCIÓN DEL TÍTULO | |
| Título | Posicionamiento en el departamento Oruro para mejorar la imagen institucional de la fundación para el desarrollo tecnológico agropecuario del altiplano |
| 246 ## - FORMA VARIANTE DEL TITULO | |
| Título propio/Titulo breve | Position in the Department of Oruro paragraph improve the institutional image of the Foundation for the Development of Agricultural Technology Altiplano |
| 260 ## - PUBLICACIÓN, DISTRIBUCIÓN, ETC. | |
| Lugar de publicación, distribución, etc. | Oruro: |
| Nombre del editor, distribuidor, etc. | s.n, |
| Fecha de publicación, distribución, etc. | 2006 |
| 300 ## - DESCRIPCIÓN FÍSICA | |
| Extensión | 113p. |
| Otras características físicas | ilus; graf. |
| Dimensiones | 28 cm |
| 500 ## - NOTA GENERAL | |
| Nota general | Incluye bibliografía. Incluye anexos. Incluye lista de cuadros. Incluye lista de gráficos |
| 502 ## - NOTA DE TESIS | |
| Nota de tesis | Oruro. UTO. Facultad de Ciencias Económicas Financieras y Administrativas. Carrera de Administración de Empresas |
| 502 ## - NOTA DE TESIS | |
| Nota de tesis | Licenciado en Administración de Empresas |
| 502 ## - NOTA DE TESIS | |
| Nota de tesis | Osorio Vargas, Doris |
| 520 ## - RESUMEN, ETC. | |
| Sumario, etc. | La estrategia encaminada a generar desarrollo económico en el país esta sujeta a la eficiente uniformidad de poñíticas, tanto de la Estrategia Nacional de Desarrollo Agropecuario y Rural (ENDAR) y la Estrategia Nacional de Desarrollo Industrial (ENDI), sobre las base del fortalecimiento de las cadenas productivas de la quinua y camélidos, para nuestra región y sin renunciar a descubrir nuevas oprtunidades para desarrollar nuevas cadeenas sobre la base de las potencialidades que tenga la región del Altiplano. Dentro de este contexto se desprende la necesidad de consolidar el trabajo que desarrolla el Sistema boliviano de Tecnología agropecuaria (SIBTA), dedicado a mejorar los procesos técnicos y administrativos. cmoplementando estos esfuerzos con la constitucióny fortalecimiento de la institucionalidad paraa la investigación agropecuaria y forestal. Actualmente el trabajo de capacitación y puesta en práctica de planes de desarrollo en la comunidades ha sido transferido al sector público. Con la creación de la Fundaciones para el Desarrollo Tecnologico Agropecuario, que logran fomentar proyectos de desarrollo.^ies |
| 610 ## - PUNTO DE ACCESO ADICIONAL DE MATERIA--NOMBRE DE ENTIDAD CORPORATIVA | |
| Nombre de entidad corporativa o nombre de jurisdicción como elemento de entrada | Departamento Oruro |
| 650 ## - PUNTO DE ACCESO ADICIONAL DE MATERIA--TÉRMINO DE MATERIA | |
| Término de materia o nombre geográfico como elemento de entrada | Administración de Empresas |
| 655 ## - TERMINO DE INDIZACIÓN--GENERO/FORMA | |
| Datos o término principal de género/forma | Libros de Texto |
| 942 ## - ELEMENTOS DE ENTRADA SECUNDARIOS (KOHA) | |
| Tipo de ítem Koha | Libros |
| -- | FCEFA39 |
| 999 ## - NÚMEROS DE CONTROL DE SISTEMA (KOHA) | |
| -- | 0 |
No hay ítems disponibles.